|
|
|
|
| LEADER |
00000naa0a2200000 4500 |
| 001 |
637416 |
| 005 |
20250528101848.0 |
| 035 |
|
|
|a (RuTPU)RU\TPU\network\1541
|
| 035 |
|
|
|a RU\TPU\network\1516
|
| 090 |
|
|
|a 637416
|
| 100 |
|
|
|a 20140911d2007 k y0rusy50 ca
|
| 101 |
0 |
|
|a eng
|
| 102 |
|
|
|a RU
|
| 135 |
|
|
|a drcn ---uucaa
|
| 181 |
|
0 |
|a i
|
| 182 |
|
0 |
|a b
|
| 200 |
1 |
|
|a Urbach's rule criteria in alumina irradiated with ions
|f A. V. Kabyshev, F. V. Konusov
|
| 203 |
|
|
|a Text
|c electronic
|
| 225 |
1 |
|
|a Модификация свойств материалов
|
| 300 |
|
|
|a Заглавие с титульного листа
|
| 320 |
|
|
|a [Библиогр.: с. 170 (18 назв.)]
|
| 337 |
|
|
|a Adobe Reader
|
| 463 |
|
|
|t Взаимодействие излучений с твердым телом (ВИТТ-2007)
|l Interaction of radiation with Solids (IRS-2007)
|o материалы 7-й Международной конференции, 26-28 сентября 2007 г., г. Минск
|f Белорусский государственный университет (БГУ)
|v [С. 168-170]
|d 2007
|
| 610 |
1 |
|
|a электронный ресурс
|
| 610 |
1 |
|
|a труды учёных ТПУ
|
| 700 |
|
1 |
|a Kabyshev
|b A. V.
|c specialist in the field of electric power engineering
|c Professor of Tomsk Polytechnic University, Doctor of physical and mathematical sciences
|f 1958-
|g Alexander Vasilievich
|3 (RuTPU)RU\TPU\pers\32572
|
| 701 |
|
1 |
|a Konusov
|b F. V.
|c physicist
|c Lead Engineer of Tomsk Polytechnic University, Candidate of physical and mathematical sciences
|f 1958-
|g Fedor Valerievich
|3 (RuTPU)RU\TPU\pers\32570
|9 16491
|
| 801 |
|
2 |
|a RU
|b 63413507
|c 20151026
|g RCR
|
| 850 |
|
|
|a 63413507
|
| 856 |
4 |
|
|u http://www.iaea.org/inis/collection/NCLCollectionStore/_Public/38/109/38109084.pdf#page=122
|
| 942 |
|
|
|c CF
|